Statistics for Countries with the Most Precipitation

Click here to take the quiz!

General Stats

  • This quiz has been taken 45,420 times
    (15,426 since last reset)
  • The average score is 15 of 20

Answer Stats

PrecipitationRegionCountry% Correct
265.7 cmAsiaIndonesia
91%
306.2 cmOceaniaPapua New Guinea
91%
315.2 cmOceaniaSolomon Islands
85%
263.1 cmOceaniaMarshall Islands
84%
251.0 cmCentral AmericaPanama
84%
300.6 cmOceaniaTuvalu
84%
281.8 cmOceaniaVanuatu
84%
252.4 cmSouth AmericaColombia
83%
294.4 cmAsiaMalaysia
83%
246.1 cmOceaniaNauru
83%
331.0 cmOceaniaPalau
83%
312.9 cmOceaniaSamoa
83%
286.3 cmCentral AmericaCosta Rica
82%
371.6 cmOceaniaF. S. Micronesia
82%
258.5 cmAsiaPhilippines
76%
268.3 cmAsiaSingapore
72%
332.0 cmAsiaBrunei
68%
245.2 cmCaribbeanSt. Lucia
66%
249.8 cmCaribbean
St. Vincent and the
Grenadines
65%
270.8 cmAfricaSierra Leone
20%

Score Distribution

Percentile by Number Answered

Percent of People with Each Score

Your Score History

You have not taken this quiz since the last reset